000 00981aaa a2200241 a 4500
003 BLK
005 20240329143136.0
007 ta
008 221104b bu |||||r|||| 00| | bu d
040 _aBLK
041 _aBUL
_cBUL
080 _aНовогръцка литература
_b821.146
_x-1
_z821.146-1
100 1 _999380
_aМоциос, Янис
245 _aИтака
_b(Лиричен полиптих)
_cЯнис Моциос ; прев. от гр. Стефан Гечев
300 _a1998, № 1, с. 197-206.
653 _9490771
_aгръцки поети
700 _aГечев, Стефан Албертов
_9363585
773 0 _tЛЕТОПИСИ
_aСБП
_x0204-7349
_w295014
_i. //
856 _i0.00
_linternal use only
_fИтака
_qpdf
_uhttp://185.138.176.146:18082/cgi-bin/koha/opac-retrieve-file.pl?id=6535d3af8f0d02fb728a7a2cda416c0d
_xebook
_zИтака
942 _2udc
_cSTA
_n0
944 _cКети Илиева
_k30542
_lРусанова Ирена
999 _c502545
_d502545
999 _d502545